| 000 | 00561nam a22001937a 4500 | ||
|---|---|---|---|
| 003 | CEME | ||
| 005 | 20210628204137.0 | ||
| 008 | 210112b xxu||||| |||| 00| 0 eng d | ||
| 020 | _a9788120340152 | ||
| 040 | _cceme | ||
| 082 | _a621.31 CHA | ||
| 100 |
_aChakrabarti, Abhijit , Halder, Sunita _968925 |
||
| 245 | _aPower system analysis operation and control | ||
| 250 | _a3RD | ||
| 260 |
_aNEW DELHI _bPHI LEARNING _c2010 |
||
| 300 | _aXXI, 1270P | ||
| 650 |
_aPOWER SYSTEM ANALYSIS.POWER SYSTEM OPERATION.POWER SYSTEM CONTROL _968926 |
||
| 942 |
_cBK _2ddc |
||
| 999 |
_c576372 _d576372 |
||